000 00617nam a2200217Ia 4500
005 20260429111931.0
008 260429s9999||||xx |||||||||||||| ||und||
020 _a9789386223180
041 _aEnglish
082 _a934
_bMAN
100 _aMani, B. R.
245 0 _aIndus-Sarasvati (Harappans) civilization vis-a-vis Rigveda /
_cB. R. Mani
250 _a1st ed.
260 _aNew Delhi :
_bB.R. Publishing Corporation,
_c2017.
300 _axxvi, 348 p.; hb
650 _a Ancient India
650 _a Harappan culture
650 _a Vedic literature
650 _aIndus Valley civilization
942 _cTB
999 _c51495
_d51495